Practical Variable Speed Drives and Power Electronics (Record no. 4581)

MARC details
000 -LEADER
fixed length control field 00607nam a22002177a 4500
003 - CONTROL NUMBER IDENTIFIER
control field OSt
005 - DATE AND TIME OF LATEST TRANSACTION
control field 20160630175217.0
008 - FIXED-LENGTH DATA ELEMENTS--GENERAL INFORMATION
fixed length control field 160630b xxu||||| |||| 00| 0 eng d
020 ## - INTERNATIONAL STANDARD BOOK NUMBER
International Standard Book Number 9780750658089
020 ## - INTERNATIONAL STANDARD BOOK NUMBER
International Standard Book Number 0750658088
040 ## - CATALOGING SOURCE
Transcribing agency DDC
082 ## - DEWEY DECIMAL CLASSIFICATION NUMBER
Classification number 357.3 BAR 2003
100 ## - MAIN ENTRY--PERSONAL NAME
Personal name Barnes, Malcolm
9 (RLIN) 9830
245 ## - TITLE STATEMENT
Title Practical Variable Speed Drives and Power Electronics
260 ## - PUBLICATION, DISTRIBUTION, ETC. (IMPRINT)
Place of publication, distribution, etc. Amsterdam; Newnes, c2003
300 ## - PHYSICAL DESCRIPTION
Extent xii,286p; ill: 26.5cm
504 ## - BIBLIOGRAPHY, ETC. NOTE
Bibliography, etc Appendice, glossary, & index included
650 ## - SUBJECT ADDED ENTRY--TOPICAL TERM
Topical term or geographic name as entry element Electronics devices
9 (RLIN) 9831
650 ## - SUBJECT ADDED ENTRY--TOPICAL TERM
Topical term or geographic name as entry element Speed variables
9 (RLIN) 9832
942 ## - ADDED ENTRY ELEMENTS (KOHA)
Source of classification or shelving scheme Other/Generic Classification Scheme
Koha item type Open Shelf
Holdings
Withdrawn status Lost status Source of classification or shelving scheme Damaged status Not for loan Home library Current library Date acquired Source of acquisition Inventory number Total Checkouts Full call number Barcode Date last seen Koha item type
    Dewey Decimal Classification     MUST Main Library MUST Main Library 30/06/2016   14/38578   357.3 BAR 2003 2016-2922 30/06/2016 Open Shelf